000 00586nam a2200193Ia 4500
008 191130s2010##################000#0#eng##
020 _a9780859897846
040 _aACL
_cACL
082 _a302.2322 PEA
100 _aPearsall, Derek
245 _aPiers Plowman : a new annotated edition of the C-text
_cDerek pearsall
260 _aExeter, UK
_bExeter press
_c2010
300 _axi.,426p ;23cm
500 _aIncludes bibliographical references
650 _aChristian poetry, English (Middle)
990 _ab3d03c53ac10000c1ec59b8ad0b1f689
991 _a224618
999 _c36890
_d36890